00495nam a2200133Ia 4500008004100000024005900041082001900100100009300119245004600212260002600258600002700284650003300311999001700344260210s9999 xx 000 0 und d a12B-58-EL, 12B-181-EL, 12B-203-EL & 12B-207-EL a621.367072 MUH aMuhammad Ibrahim Ismail, Muhammad Tajammul Zia, Muhammad Usman Siddiqui & Kashan Ali 0aProduct Checking Through Image Processing aKarachi:bUITU,c2012 aElectrical Engineering aBachelor of Engineering (BE) c33179d33179